书目信息 |
| 题名: |
走出糖尿病误区198招
|
|
| 作者: | 李艳玲 主编 | |
| 分册: | ||
| 出版信息: | 天津 天津科技翻译出版公司 2008.10 |
|
| 页数: | 11, 150页 | |
| 开本: | 20cm | |
| 丛书名: | ||
| 单 册: | ||
| 中图分类: | R587.1 | |
| 科图分类: | ||
| 主题词: | 糖尿病--tang niao bing--防治 | |
| 电子资源: | ||
| ISBN: | 978-7-5433-2339-1 | |
| 000 | 00814nam0 2200229 450 | |
| 001 | 012009357308 | |
| 005 | 20090621170321.37 | |
| 010 | @a978-7-5433-2339-1@dCNY15.00 | |
| 100 | @a20090621d2008 em y0chiy0120 ea | |
| 101 | 0 | @achi |
| 102 | @aCN@b120000 | |
| 105 | @aa z 000yy | |
| 106 | @ar | |
| 200 | 1 | @a走出糖尿病误区198招@Azou chu tang niao bing wu qu 198 zhao@f李艳玲主编@Fli yan ling zhu bian |
| 210 | @a天津@c天津科技翻译出版公司@d2008.10 | |
| 215 | @a11, 150页@c图@d20cm | |
| 330 | @a本书内容包括:糖尿病认识的误区、糖尿病诊断的误区、糖尿病饮食治疗的误区、糖尿病药物治疗的误区、糖尿病运动的误区、糖尿病检测的误区等九章。 | |
| 606 | 0 | @a糖尿病@Atang niao bing@x防治 |
| 690 | @aR587.1@v4 | |
| 701 | 0 | @a李艳玲@Ali yan ling@4主编 |
| 801 | 0 | @aCN@bQSSK@c20090621 |
| 905 | @b746240-42@dR587.1@eL313@f3 | |
| 走出糖尿病误区198招/李艳玲主编.-天津:天津科技翻译出版公司,2008.10 |
| 11, 150页:图;20cm |
| ISBN 978-7-5433-2339-1:CNY15.00 |
| 本书内容包括:糖尿病认识的误区、糖尿病诊断的误区、糖尿病饮食治疗的误区、糖尿病药物治疗的误区、糖尿病运动的误区、糖尿病检测的误区等九章。 |
| ● |
| 相关链接 |
|
|
|
正题名:走出糖尿病误区198招
索取号:R587.1/L313
 
预约/预借
| 序号 | 登录号 | 条形码 | 馆藏地/架位号 | 状态 | 备注 |
| 1 | 746240 | 207462404 | 自科库401/401自科库 19排1列2层/ [索取号:R587.1/L313] | 在馆 | |
| 2 | 746241 | 207462413 | 自科库401/401自科库 19排1列2层/ [索取号:R587.1/L313] | 在馆 | |
| 3 | 746242 | 207462422 | 自科库401/401自科库 19排1列2层/ [索取号:R587.1/L313] | 在馆 |